000 00595nam a2200181Ia 4500
003 Ost
005 20260507075114.0
008 260507s9999||||xx |||||||||||||| ||und||
040 _cfsecg
041 _aara
082 _a330
100 _aمبارك، عبد النعيم محمد
_eمؤلف
245 0 _aاقتصاديات النقود والصيرفية والتجارة الدولية /
_c عبد النعيم محمد مبارك
260 _aالاسكندرية:
_bالدار الجامعية,
_c1997
300 _a صفحة؛
653 _aتجارة دولية
942 _cكتاب
999 _c42979
_d42979